| 000 | 01128cam a22002777a 4500 | ||
|---|---|---|---|
| 003 | MX-MxUPN | ||
| 005 | 20250809063834.0 | ||
| 008 | 240520s2023 mx| |||fr|||| 000 e spa d | ||
| 020 | _a9786077086734 | ||
| 040 |
_aMX-MxUPN _bspa |
||
| 041 | 0 | _aspa | |
| 050 | 4 |
_aKGF3053 A67 _bC66 2022 |
|
| 245 | 0 | 0 |
_a9° concurso nacional de ensayo en materia de justicia electoral, justicia abierta, transparencia, acceso a la información, protección de datos personales y archivos 2022 : _bensayos ganadores y trabajos sobresalientes |
| 250 | _a1a edición | ||
| 260 |
_aMéxico : _bTribunal Electoral del Poder Judicial de la Federación, _c2023 |
||
| 300 | _a145 paginas | ||
| 650 | 4 |
_aDerecho electoral _zMéxico _96913 |
|
| 650 | 2 |
_911094 _aTransparencia en el gobierno _zMéxico |
|
| 650 | 4 |
_952300 _aAcceso a la información _zMéxico |
|
| 650 | 4 |
_952302 _aProtección de datos _zMéxico |
|
| 650 | 2 |
_aArchivos públicos _zMéxico _97757 |
|
| 700 | 1 |
_952298 _aSánchez Morales, Jorge _ecoordinación |
|
| 902 |
_aFernandoJiménezSánchez200524 _bVíctorGodínez/100624 |
||
| 942 |
_2lcc _cLIBRO |
||
| 999 |
_c211261 _d211261 |
||